1927 1167 1545 1999 1855 1748 1984 1122 1686 1833 1726 1668 1460 1421 1639 1239 1469 1476 1357 1304 1482 1284 1522 1600 1275 1101 1084 1039 1036 1032 1800 1241 1678 1283 1191 1248 1639 1140 1939 1368 1172 1215 1239 1801 1715 1953 1105 1783 1911 1819 1653 1776 1599 1453 1656 1752 1292 1084 1221 1808 1719 1449 1953 1607 1298 1965 1493 1243 1656 1631 1519 1139 1349 1341 1109 1506 1910 1652 1186 1726 1686 1435 1430 1271 1376 1398 1284 1705 1762 1204 1195 1699 1664 1967 1610 1335 1382 1475 1450 BCNSPRNW ULIB Ver.6.0+V

เปลี่ยนเป็นภาษาไทย

Change to English
 แสดงรายละเอียดบรรณานุกรม
  กลับหน้าหลัก

Brief Record : Get Marc (ISO 2709) : E-mail record : QR code < ปิดหน้าต่าง
LEADER : 00000nam 2200000uu 4500
001    13399113265
003     ULIB
008    111005s2546||||th 000 0 tha d
020    9749167600
020    9789749167601
050  4 T5105.5^bก672ค 2546
100 0  กิตติ ภักดีวัฒนะกุล
245 10 คัมภีร์ระบบสารสนเทศ =^bInformation systems /^cกิตติภักดีวัฒนะกุล
246 31 Information systems
250    พิมพ์ครั้งที่ 1
260    กรุงเทพฯ :^bเคทีพี คอมพ์ แอนด์ คอนซัลท์,^c2546
300    xii, 581 หน้า :^bภาพประกอบ ;^c28 ซม.
650  4 การจัดการทรัพยากรสารสนเทศ
650  4 เทคโนโลยีสารสนเทศ^xการจัดการ
650  4 ระบบสนับสนุนการตัดสินใจ
650  4 ระบบสารสนเทศเพื่อการจัดการ
700 0  ทินกร วัฒนเกษมสกุล
700 0  กิตติ ภักดีวัฒนะกุล,^eบรรณาธิการ
945    ^p333^l0^i023317
995    ทศพร
999 ^a ทศพร
รายการนี้ยังไม่มีแท็ก
คุณยังไม่ได้ล็อกอิน คุณสามารถมีกิจกรรมร่วมกับเว็บไซต์ได้ แต่ต้องล็อกอินก่อน ::
  ล็อกอิน

รายการสื่อสารสนเทศ

ลำดับที่ ประเภท เลขเรียก/บาร์โค้ด สถานที่ สถานะ
- ไม่พบข้อมูล -

รายการใกล้เคียง
    ผู้แต่ง [กิตติ ภักดีวัฒนะกุล]

    หัวเรื่อง [การจัดการทรัพยากรสารสนเทศ]
    หัวเรื่อง [ระบบสารสนเทศเพื่อการจัดการ]

BibComment


ยังไม่เคยถูกคอมเมนท์

คอมเมนท์ทรัพยากรรายการนี้
  คอมเมนท์: คัมภีร์ระบบสารสนเ..


 Copyright 2026. Bcnsprnw @Library